I:llä alkavat valtiot kartalla - Äkkikuolema - Statistics

Yleistilastot
  • Tätä visaa on pelattu 334 kertaa
  • Keskiarvotulos 9 / 10
Answers on the Grid
Answers color-coded by a green-red scale on the quiz's grid according to % correct below.
 
Vastaustilastot
Vastaus % Oikein
Italia, Itävalta
93%
Indonesia, Intia
92%
Intia, Irak, Iran, Israel
91%
Irlanti, Islanti
89%
Indonesia, Itä-Timor
89%
Irlanti
87%
Indonesia
84%
Intia
80%
Indonesia
80%
Intia
68%
Ehtoja vastaavia visoja ei löytynyt
Tulosjakauma
Jokaisen tuloksen saaneiden osuus
Persentiili vastausten määrän mukaan
Tuloshistoriasi
Et ole pelannut tätä visaa